Logos Quiz #1 - Statistics

General Stats
  • This quiz has been taken 81 times
    33 since last reset
  • The average score is 7 of 10
Answer Stats
Picture Answer % Correct
Tesla
96%
Adidas
85%
Honda
85%
Toyota
85%
Jetpunk
81%
Suzuki
74%
iTunes
70%
Republican Party
41%
Brave
33%
Democrat Party
22%
No matching quizzes found
Score Distribution
Percent of People with Each Score
Percentile by Number Answered
Your Score History
You have not taken this quiz since the last reset